00245nam a2200097Ia 4500008004100000041000800041082000800049100001500057245003600072260003900108221007s9999 xx 000 0 und d aeng bHUS aBhatt V.M. aMusic For Soul : Mind-Body-Soul c2011bThe India Today GroupaDelhi